[Event "33. Copenhagen Open (Politiken Cup)"]
[Site "Elsinore"]
[Date "2011.08.06"]
[Round "9"]
[White "Hansen, Erik Friberg"]
[Black "Andersen, Claus"]
[Result "0-1"]
[WhiteElo "1539"]
[BlackElo "1811"]
[PlyCount "76"]
[EventDate "2011.07.30"]
[EventType "swiss"]
[EventRounds "10"]
[EventCountry "DEN"]
[Source "ChessBase"]
[SourceDate "2011.08.29"]

1. d4 f5 2. Nf3 Nf6 3. c4 e6 4. e3 b6 5. Be2 Bb7 6. a3 a5 7. Nc3 Be7 8. O-O O-O
9. b3 d6 10. Bb2 Nbd7 11. Nd2 e5 12. f4 e4 13. d5 Kh8 14. b4 axb4 15. axb4 c6
16. dxc6 Bxc6 17. Nd5 Bxd5 18. cxd5 Nxd5 19. Qb3 N5f6 20. Bc4 d5 21. Be2 Bd6
22. Rxa8 Qxa8 23. Ra1 Qb8 24. Bc3 Bc7 25. Qb2 b5 26. Bd4 Ne8 27. Bh5 Ndf6 28.
Be2 Nd6 29. h3 Nc4 30. Nxc4 dxc4 31. Qc3 Bb6 32. Be5 Qb7 33. Bxf6 Rxf6 34. Rd1
Qc7 35. g4 fxg4 36. Bxg4 Qxf4 37. Kh1 Qb8 38. Kg2 Rd6 0-1

[Event "33. Copenhagen Open (Politiken Cup)"]
[Site "Elsinore"]
[Date "2011.08.06"]
[Round "9"]
[White "Hansen, Morten Moller"]
[Black "Astrom, Lars"]
[Result "1/2-1/2"]
[WhiteElo "2097"]
[BlackElo "1871"]
[PlyCount "82"]
[EventDate "2011.07.30"]
[EventType "swiss"]
[EventRounds "10"]
[EventCountry "DEN"]
[Source "ChessBase"]
[SourceDate "2011.08.29"]

1. d4 d5 2. c4 c6 3. Nf3 Nf6 4. Nc3 e6 5. Bg5 Nbd7 6. e3 Qa5 7. Bxf6 Nxf6 8. a3
Ne4 9. Qa4 Qxa4 10. Nxa4 Bd6 11. c5 Bc7 12. Bd3 O-O 13. Rc1 f6 14. O-O Re8 15.
Rfd1 Bd7 16. Bxe4 dxe4 17. Nd2 f5 18. Nc4 Red8 19. f3 exf3 20. gxf3 Rab8 21.
Rd2 Be8 22. Rcd1 b5 23. cxb6 axb6 24. Ne5 c5 25. Nc3 Bxe5 26. dxe5 Rxd2 27.
Rxd2 Kf7 28. Kf2 Ke7 29. f4 b5 30. Ke1 Rd8 31. Rxd8 Kxd8 32. Kd2 Kc7 33. Kd3
Kb6 34. b4 Bh5 35. bxc5+ Kxc5 36. Na2 Bf3 37. Nb4 Bd5 38. Na6+ Kb6 39. Nb4 Kc5
40. Na6+ Kb6 41. Nb4 Kc5 1/2-1/2

[Event "33. Copenhagen Open (Politiken Cup)"]
[Site "Elsinore"]
[Date "2011.08.06"]
[Round "9"]
[White "Hansen, Rolf Stig"]
[Black "Kyrkjebo, Eirik"]
[Result "1-0"]
[WhiteElo "1918"]
[BlackElo "1747"]
[PlyCount "121"]
[EventDate "2011.07.30"]
[EventType "swiss"]
[EventRounds "10"]
[EventCountry "DEN"]
[Source "ChessBase"]
[SourceDate "2011.08.29"]

1. e4 d5 2. Nc3 d4 3. Nce2 e5 4. Nf3 Nc6 5. Ng3 Bc5 6. Bc4 Nf6 7. d3 h6 8. O-O
Qe7 9. Nh4 g6 10. f4 Bg4 11. Qe1 O-O-O 12. a3 Nd7 13. Nf3 Bxf3 14. Rxf3 Rdf8
15. b4 Bd6 16. b5 Nd8 17. f5 h5 18. a4 h4 19. Ne2 g5 20. f6 Qe8 21. Bxg5 Rfg8
22. Bxh4 Rg4 23. Bg3 Rh6 24. a5 Nxf6 25. h3 Rg7 26. Qf2 Nh7 27. h4 Nf8 28. Rf6
Rh5 29. Rf1 Rhh7 30. Nxd4 Bc5 31. Qf5+ Nfe6 32. Bxe5 Kb8 33. c3 Rxh4 34. Rf2
Qh8 35. Kf1 Rg5 36. Bxc7+ Nxc7 37. Qd7 Rh1+ 38. Ke2 Qh5+ 39. R2f3 Rg8 40. Bxf7
Nxf7 41. Qxf7 Rc8 42. Qxh5 Rxh5 43. R3f5 Rxf5 44. Rxf5 Ba3 45. c4 Rf8 46. Rxf8+
Bxf8 47. g4 Kc8 48. Kf3 Kd7 49. g5 Ne6 50. Nxe6 Kxe6 51. d4 a6 52. bxa6 bxa6
53. c5 Be7 54. Kf4 Bd8 55. d5+ Kd7 56. g6 Ke7 57. Kf5 Bxa5 58. d6+ Ke8 59. Ke6
Bc3 60. c6 Kd8 61. e5 1-0

[Event "33. Copenhagen Open (Politiken Cup)"]
[Site "Elsinore"]
[Date "2011.08.06"]
[Round "9"]
[White "Hansen, Verner"]
[Black "Rasmussen, Jonas H"]
[Result "1-0"]
[WhiteElo "1915"]
[BlackElo "1598"]
[PlyCount "71"]
[EventDate "2011.07.30"]
[EventType "swiss"]
[EventRounds "10"]
[EventCountry "DEN"]
[Source "ChessBase"]
[SourceDate "2011.08.29"]

1. e4 e5 2. Nf3 Nc6 3. Bb5 Nf6 4. d3 Bc5 5. O-O d6 6. h3 O-O 7. Bg5 h6 8. Bh4
a6 9. Ba4 Be6 10. c3 b5 11. Bc2 Bb6 12. d4 exd4 13. cxd4 Nb4 14. Nc3 Re8 15. a3
Nxc2 16. Qxc2 c5 17. Rad1 cxd4 18. Nxd4 Bxd4 19. Rxd4 Qe7 20. Rfd1 Red8 21. Qd2
Bb3 22. Re1 Rac8 23. Nd5 Bxd5 24. exd5 Qf8 25. Bxf6 gxf6 26. Rg4+ Kh8 27. Qf4
Re8 28. Qxf6+ Kh7 29. Rd1 Re5 30. Rdd4 Rc5 31. Rg3 Rg5 32. Rxg5 hxg5 33. Qxg5
Qg7 34. Qf5+ Qg6 35. Rh4+ Kg7 36. Rg4 1-0

[Event "33. Copenhagen Open (Politiken Cup)"]
[Site "Elsinore"]
[Date "2011.08.06"]
[Round "9"]
[White "Hartvig, Ove Weiss"]
[Black "Hauge, Lars Oskar"]
[Result "1-0"]
[WhiteElo "2220"]
[BlackElo "2052"]
[PlyCount "67"]
[EventDate "2011.07.30"]
[EventType "swiss"]
[EventRounds "10"]
[EventCountry "DEN"]
[Source "ChessBase"]
[SourceDate "2011.08.29"]

1. c4 e5 2. Nc3 Nc6 3. g3 f5 4. Bg2 Nf6 5. e4 fxe4 6. Nxe4 d5 7. cxd5 Nxd5 8.
Ne2 Be7 9. O-O Be6 10. d4 O-O 11. dxe5 Nxe5 12. Nd4 Bc8 13. Qb3 Kh8 14. Rd1 c6
15. h3 a5 16. f4 Ng6 17. Kh2 a4 18. Qc4 Qb6 19. Nf3 Bf5 20. Nd4 Bd7 21. Nc3
Nxc3 22. bxc3 c5 23. Nf3 Bc6 24. Be3 Bxf3 25. Bxf3 Ne5 26. Qe4 Nxf3+ 27. Qxf3
Qb2+ 28. Qf2 Qxc3 29. Rac1 Qa3 30. Rc4 Bf6 31. Bxc5 Qb2 32. Qxb2 Bxb2 33. Bxf8
Rxf8 34. Rxa4 1-0

[Event "33. Copenhagen Open (Politiken Cup)"]
[Site "Elsinore"]
[Date "2011.08.06"]
[Round "9"]
[White "Haubro, Sigfred"]
[Black "Schmitt, Carsten"]
[Result "1/2-1/2"]
[WhiteElo "2164"]
[BlackElo "1959"]
[PlyCount "70"]
[EventDate "2011.07.30"]
[EventType "swiss"]
[EventRounds "10"]
[EventCountry "DEN"]
[Source "ChessBase"]
[SourceDate "2011.08.29"]

1. Nf3 Nf6 2. b3 d5 3. Bb2 c5 4. e3 e6 5. Be2 Nc6 6. O-O Be7 7. d4 O-O 8. Nbd2
cxd4 9. exd4 b6 10. Ne5 Bb7 11. a3 Rc8 12. Bd3 Bd6 13. Qe2 Qe7 14. f4 Rc7 15.
Rf3 g6 16. Rh3 Nh5 17. Rf1 f5 18. b4 Nf6 19. c4 dxc4 20. Ndxc4 Rd8 21. Rg3 Bxe5
22. dxe5 Ne8 23. Qf2 Qd7 24. Be2 Ne7 25. Nd6 Bd5 26. h4 Rc2 27. Ba1 Qc6 28. Qe3
Ng7 29. h5 Rd7 30. Bb5 Qc7 31. Nc8 Qxc8 32. Bxd7 Qxd7 33. hxg6 hxg6 34. Rf2 Qc6
35. Bd4 Rc1+ 1/2-1/2

[Event "33. Copenhagen Open (Politiken Cup)"]
[Site "Elsinore"]
[Date "2011.08.06"]
[Round "9"]
[White "Haug, Johannes"]
[Black "Ramme, Christoph"]
[Result "0-1"]
[WhiteElo "1725"]
[BlackElo "2108"]
[PlyCount "78"]
[EventDate "2011.07.30"]
[EventType "swiss"]
[EventRounds "10"]
[EventCountry "DEN"]
[Source "ChessBase"]
[SourceDate "2011.08.29"]

1. e4 Nf6 2. Nc3 d5 3. exd5 Nxd5 4. Nxd5 Qxd5 5. d4 e5 6. Be3 Nc6 7. dxe5 Qxe5
8. c3 Bc5 9. Nf3 Qe7 10. Qc1 O-O 11. Bb5 Bxe3 12. Qxe3 Qxe3+ 13. fxe3 Bd7 14.
Kf2 a6 15. Ba4 Rfe8 16. Rad1 Rad8 17. Rd2 b5 18. Bb3 Bf5 19. Rhd1 Kf8 20. Nd4
Be4 21. Nxc6 Rxd2+ 22. Rxd2 Bxc6 23. Bd5 Bxd5 24. Rxd5 Ke7 25. b4 Rd8 26. Rxd8
Kxd8 27. Kf3 Kd7 28. Ke4 Ke6 29. g4 f6 30. Kd4 g6 31. e4 Kd6 32. h4 h6 33. a3
Ke6 34. Ke3 Ke5 35. Kf3 h5 36. gxh5 gxh5 37. Ke3 f5 38. exf5 Kxf5 39. Kf3 c6
0-1

[Event "33. Copenhagen Open (Politiken Cup)"]
[Site "Elsinore"]
[Date "2011.08.06"]
[Round "9"]
[White "Haukenes, Alise"]
[Black "Okland, Sveinung"]
[Result "0-1"]
[WhiteElo "1595"]
[BlackElo "1836"]
[PlyCount "150"]
[EventDate "2011.07.30"]
[EventType "swiss"]
[EventRounds "10"]
[EventCountry "DEN"]
[Source "ChessBase"]
[SourceDate "2011.08.29"]

1. e4 d5 2. exd5 Qxd5 3. Nf3 g6 4. Be2 Bg7 5. O-O Nf6 6. d4 c6 7. c4 Qa5 8. Nc3
O-O 9. Be3 Bg4 10. Qd2 Nbd7 11. h3 Bxf3 12. Bxf3 e5 13. d5 cxd5 14. Nxd5 Qxd2
15. Nxf6+ Nxf6 16. Bxd2 e4 17. Be2 Nd7 18. Rab1 b6 19. b3 a5 20. Be3 Nc5 21.
Rfd1 Rfd8 22. Rd5 Rxd5 23. cxd5 Bf8 24. Bf4 Nb7 25. Rd1 Bd6 26. Bxd6 Nxd6 27.
Rc1 Nf5 28. Kf1 Rd8 29. Rd1 Rd6 30. Bc4 Kg7 31. a4 Ne7 32. Re1 f5 33. f3 Nxd5
34. fxe4 fxe4 35. Rxe4 Rf6+ 36. Ke1 Nf4 37. Re7+ Kh6 38. Bf1 Nd5 39. Re5 Nb4
40. Bc4 Rd6 41. Ke2 Nc6 42. Rd5 Re6+ 43. Kf2 Ne5 44. Bb5 Kg7 45. Kg3 Kf6 46.
Rd8 Nf7 47. Rd3 Nd6 48. Bd7 Nf5+ 49. Kf2 Re4 50. Kf3 Ke5 51. Bxf5 gxf5 52. g3
h5 53. Kf2 Rb4 54. Kf3 f4 55. gxf4+ Rxf4+ 56. Ke3 Rh4 57. Kd2 Rb4 58. Kc3 Ke4
59. Rg3 Kf4 60. Rd3 h4 61. Rd6 Kg3 62. Rd3+ Kg2 63. Re3 Rf4 64. Rd3 Rb4 65. Kd2
b5 66. axb5 Rxb5 67. Ke2 Rg5 68. b4 axb4 69. Rd4 Rb5 70. Rxh4 b3 71. Rg4+ Kh2
72. Kf2 b2 73. Rg2+ Kxh3 74. Rg3+ Kh4 75. Kf3 Rb3+ 0-1

[Event "33. Copenhagen Open (Politiken Cup)"]
[Site "Elsinore"]
[Date "2011.08.06"]
[Round "9"]
[White "Haukenes, Elias"]
[Black "Andreassen, Jonas"]
[Result "0-1"]
[WhiteElo "1000"]
[BlackElo "1000"]
[PlyCount "58"]
[EventDate "2011.07.30"]
[EventType "swiss"]
[EventRounds "10"]
[EventCountry "DEN"]
[Source "ChessBase"]
[SourceDate "2011.08.29"]

1. d4 Nf6 2. Nf3 d6 3. g3 Nc6 4. Bg2 g6 5. Bg5 Bg7 6. Qc1 h6 7. Bxf6 Bxf6 8.
Nc3 e5 9. d5 Ne7 10. O-O c6 11. e4 cxd5 12. exd5 b6 13. b4 Bb7 14. Qd1 e4 15.
Nd4 Nf5 16. Nxf5 Bxc3 17. Rb1 gxf5 18. Rb3 Qf6 19. Qh5 Bxd5 20. Ra3 Bxb4 21.
Ra4 Bc5 22. Rd1 Bc6 23. Rc4 b5 24. Rc3 Qxc3 25. Qxf5 Qxc2 26. Qf6 Qxd1+ 27. Bf1
Bd4 28. Qxd6 Rc8 29. Kg2 e3+ 0-1

[Event "33. Copenhagen Open (Politiken Cup)"]
[Site "Elsinore"]
[Date "2011.08.06"]
[Round "9"]
[White "Haukenes, Jonas"]
[Black "Kristensen, Lars Ostergaard"]
[Result "0-1"]
[WhiteElo "1000"]
[BlackElo "1544"]
[PlyCount "66"]
[EventDate "2011.07.30"]
[EventType "swiss"]
[EventRounds "10"]
[EventCountry "DEN"]
[Source "ChessBase"]
[SourceDate "2011.08.29"]

1. g3 Nf6 2. Bg2 d5 3. Nf3 g6 4. O-O Bg7 5. d3 O-O 6. Bf4 Nh5 7. Bg5 Re8 8.
Nbd2 h6 9. Be3 Bxb2 10. Rb1 Bg7 11. Bd4 e5 12. Bc3 Nd7 13. e3 Nb6 14. Re1 Bg4
15. h3 Bd7 16. Nh4 Qc8 17. Qc1 Bxh3 18. Bxh3 Qxh3 19. Nf1 Qd7 20. Qb2 Na4 21.
Qa1 Nxc3 22. Qxc3 b6 23. Rbd1 c5 24. Qb2 g5 25. Nf3 e4 26. d4 exf3 27. Nh2 Qh3
28. Nxf3 Nxg3 29. fxg3 Qxg3+ 30. Kh1 Qxf3+ 31. Kh2 Re4 32. c3 Rh4+ 33. Kg1 Rh1#
0-1

[Event "33. Copenhagen Open (Politiken Cup)"]
[Site "Elsinore"]
[Date "2011.08.06"]
[Round "9"]
[White "Hector, Jonny"]
[Black "Savchenko, Boris"]
[Result "0-1"]
[WhiteElo "2568"]
[BlackElo "2615"]
[PlyCount "94"]
[EventDate "2011.07.30"]
[EventType "swiss"]
[EventRounds "10"]
[EventCountry "DEN"]
[Source "ChessBase"]
[SourceDate "2011.08.29"]

1. e4 e5 2. Nf3 Nc6 3. Bc4 Bc5 4. c3 Nf6 5. d3 d6 6. Nbd2 a6 7. Bb3 Be6 8. Bc2
h6 9. Qe2 Ba7 10. a4 g5 11. Nf1 Ng4 12. Ne3 Nxe3 13. fxe3 Ne7 14. d4 Ng6 15. b3
g4 16. Nd2 Qh4+ 17. g3 Qg5 18. Rf1 h5 19. Ba3 O-O-O 20. O-O-O Rhf8 21. Kb2 Kb8
22. Rf2 Rfe8 23. Rdf1 d5 24. exd5 exd4 25. exd4 Qxd5 26. Ne4 Bxd4 27. cxd4
Qxd4+ 28. Kb1 Bd5 29. Rd1 Qb6 30. Rxd5 Rxd5 31. Rxf7 Rde5 32. Rd7 Qe6 33. Rd4
Ne7 34. Qd2 Nc6 35. Rc4 Na5 36. Rd4 Nxb3 37. Rd8+ Rxd8 38. Qxd8+ Ka7 39. Nc3
Qb6 40. Ka2 Nd4 41. Bd1 Re3 42. Bb2 Rd3 43. a5 Qxa5+ 44. Kb1 Qf5 45. Ka2 Ne2
46. Qxc7 Nxc3+ 47. Bxc3 Rxd1 0-1

[Event "33. Copenhagen Open (Politiken Cup)"]
[Site "Elsinore"]
[Date "2011.08.06"]
[Round "9"]
[White "Hess, Peter"]
[Black "Berni, Fabrizio"]
[Result "1/2-1/2"]
[WhiteElo "1948"]
[BlackElo "2147"]
[PlyCount "87"]
[EventDate "2011.07.30"]
[EventType "swiss"]
[EventRounds "10"]
[EventCountry "DEN"]
[Source "ChessBase"]
[SourceDate "2011.08.29"]

1. e4 c5 2. c3 d5 3. exd5 Qxd5 4. d4 e6 5. Nf3 Nf6 6. Be2 Be7 7. O-O O-O 8. h3
Nc6 9. Be3 cxd4 10. cxd4 a6 11. Nc3 Qd8 12. Qd2 Nb4 13. Rfd1 b6 14. Ne5 Bb7 15.
Rac1 Rc8 16. a3 Nbd5 17. Nxd5 Nxd5 18. Rxc8 Qxc8 19. Rc1 Qa8 20. Bf3 Rc8 21.
Rxc8+ Qxc8 22. Qc1 Qe8 23. Bh5 g6 24. Be2 Nxe3 25. Qxe3 Bf6 26. Qc3 Qd8 27. Bg4
Bd5 28. Be2 b5 29. b4 Kg7 30. f4 Bxe5 31. dxe5 Qh4 32. Bg4 h5 33. g3 Qd8 34.
Be2 Ba8 35. Kf2 Qd5 36. Bf3 Qa2+ 37. Ke3 Bxf3 38. Kxf3 h4 39. gxh4 Qh2 40. Ke4
Qh1+ 41. Kd4 Qd5+ 42. Ke3 Qg2 43. Kd4 Qd5+ 44. Ke3 1/2-1/2

[Event "33. Copenhagen Open (Politiken Cup)"]
[Site "Elsinore"]
[Date "2011.08.06"]
[Round "9"]
[White "Hinrichs, Jan"]
[Black "Brondt, Nicolai Kvist"]
[Result "1-0"]
[WhiteElo "1947"]
[BlackElo "2130"]
[PlyCount "49"]
[EventDate "2011.07.30"]
[EventType "swiss"]
[EventRounds "10"]
[EventCountry "DEN"]
[Source "ChessBase"]
[SourceDate "2011.08.29"]

1. d4 d5 2. c4 c6 3. Nf3 Nf6 4. e3 Bf5 5. Nh4 Bxb1 6. Rxb1 e6 7. Qb3 Qb6 8. Bd3
Bb4+ 9. Ke2 Be7 10. Qc2 Nbd7 11. c5 Qc7 12. f4 Ne4 13. Nf3 f5 14. b4 b5 15.
cxb6 axb6 16. Bb5 Rxa2 17. Rb2 Rxb2 18. Bxb2 c5 19. Ne5 Nef6 20. bxc5 bxc5 21.
dxc5 O-O 22. Nxd7 Nxd7 23. Bxd7 Qxd7 24. c6 Rc8 25. Qc3 1-0

[Event "33. Copenhagen Open (Politiken Cup)"]
[Site "Elsinore"]
[Date "2011.08.06"]
[Round "9"]
[White "Hinrichs, Lars"]
[Black "Taksrud, Vidar"]
[Result "0-1"]
[WhiteElo "1894"]
[BlackElo "2074"]
[PlyCount "86"]
[EventDate "2011.07.30"]
[EventType "swiss"]
[EventRounds "10"]
[EventCountry "DEN"]
[Source "ChessBase"]
[SourceDate "2011.08.29"]

1. e4 Nf6 2. Nc3 d5 3. e5 d4 4. exf6 dxc3 5. fxg7 cxd2+ 6. Qxd2 Qxd2+ 7. Bxd2
Bxg7 8. O-O-O Be6 9. Kb1 Nd7 10. Nf3 h6 11. Bf4 O-O-O 12. Bb5 c6 13. Be2 Bd5
14. Rhe1 e5 15. Bc1 f5 16. Nh4 Be6 17. b3 Nc5 18. Bb2 Rxd1+ 19. Rxd1 Re8 20.
Bh5 Rd8 21. Rxd8+ Kxd8 22. f4 Nd7 23. fxe5 Bxe5 24. Bxe5 Nxe5 25. Bg6 f4 26.
Be4 Ke7 27. Kc1 Kf6 28. Kd2 a5 29. Kc3 b6 30. Nf3 c5 31. Nxe5 Kxe5 32. Bf3 b5
33. Bc6 b4+ 34. Kd3 Bf5+ 35. Kd2 Kd4 36. Bf3 Be6 37. Bc6 c4 38. Bf3 c3+ 39. Ke2
Bf5 40. Kd1 Ke3 41. Bc6 h5 42. h3 h4 43. Bf3 Bxh3 0-1

[Event "33. Copenhagen Open (Politiken Cup)"]
[Site "Elsinore"]
[Date "2011.08.06"]
[Round "9"]
[White "Hjornevik, Knut Jarle"]
[Black "Schou Moldt, Thomas"]
[Result "0-1"]
[WhiteElo "1959"]
[BlackElo "2167"]
[PlyCount "106"]
[EventDate "2011.07.30"]
[EventType "swiss"]
[EventRounds "10"]
[EventCountry "DEN"]
[Source "ChessBase"]
[SourceDate "2011.08.29"]

1. d4 g6 2. e4 d6 3. Nc3 Nf6 4. Nf3 Bg7 5. Be2 O-O 6. O-O Bg4 7. h3 Bxf3 8.
Bxf3 Nc6 9. Be3 e5 10. d5 Ne7 11. Ne2 b5 12. Qd2 Qd7 13. Rfd1 Rfc8 14. Bg5 Qe8
15. Qa5 Nd7 16. b4 f6 17. Be3 Nb6 18. Nc3 a6 19. Be2 f5 20. f3 f4 21. Bf2 g5
22. a4 Nc4 23. Bxc4 bxc4 24. Nb1 h5 25. c3 g4 26. hxg4 hxg4 27. Kf1 Qh5 28. Ke2
Nf5 29. Na3 gxf3+ 30. gxf3 Ng3+ 31. Bxg3 fxg3 32. Rh1 Qg5 33. Rh3 Rf8 34. Rf1
Rf7 35. Nxc4 Raf8 36. Qxa6 Bh6 37. Qa7 c5 38. Qb6 Rxf3 39. Rxf3 Rxf3 40. Kxf3
Qf4+ 41. Ke2 Qxe4+ 42. Kd1 Qd3+ 43. Ke1 Qxc3+ 44. Kf1 Qf3+ 45. Ke1 Qf2+ 46. Kd1
Qf1+ 47. Kc2 Qxc4+ 48. Kb2 Qe2+ 49. Kb3 c4+ 50. Kc3 Qd3+ 51. Kb2 c3+ 52. Ka1
Qd1+ 53. Ka2 Qc2+ 0-1

[Event "33. Copenhagen Open (Politiken Cup)"]
[Site "Elsinore"]
[Date "2011.08.06"]
[Round "9"]
[White "Hobber, Anders"]
[Black "Teplyi, Igor"]
[Result "0-1"]
[WhiteElo "2179"]
[BlackElo "2393"]
[PlyCount "120"]
[EventDate "2011.07.30"]
[EventType "swiss"]
[EventRounds "10"]
[EventCountry "DEN"]
[Source "ChessBase"]
[SourceDate "2011.08.29"]

1. d4 Nf6 2. Nf3 c5 3. c3 Qa5 4. e3 cxd4 5. exd4 Nc6 6. Be2 g6 7. O-O Bg7 8.
Nbd2 d6 9. Nc4 Qd8 10. d5 Nb8 11. a4 O-O 12. a5 Na6 13. Bg5 Bd7 14. Bxf6 Bxf6
15. Ne3 Nc7 16. Qd2 Rc8 17. h3 Bg7 18. Nd4 e5 19. dxe6 fxe6 20. Nf3 Bc6 21.
Rfd1 d5 22. c4 Qf6 23. cxd5 Nxd5 24. Nxd5 Bxd5 25. a6 b6 26. Rac1 Qxb2 27. Rxc8
Rxc8 28. Qe3 Qc3 29. Qg5 Qc2 30. Rd2 Qf5 31. Qe3 Rc3 32. Rd3 Qf6 33. Rxc3 Qxc3
34. Qg5 Qf6 35. Qc1 Qa1 36. Qxa1 Bxa1 37. Nd2 Bd4 38. Bb5 Kf8 39. Kf1 Ke7 40.
f3 Kd6 41. Ne4+ Kc7 42. Ng5 h6 43. Nf7 Bg7 44. f4 Bc6 45. Bd3 Be8 46. Bxg6 Bb5+
47. Ke1 Bxa6 48. g4 Bb5 49. g5 hxg5 50. fxg5 a5 51. h4 Be8 52. h5 Kd7 53. h6
Bc3+ 54. Kd1 Ke7 55. Bh5 Bxf7 56. g6 Be8 57. Kc2 Ba1 58. Kc1 Be5 59. g7 Bf7 60.
g8=N+ Bxg8 0-1

[Event "33. Copenhagen Open (Politiken Cup)"]
[Site "Elsinore"]
[Date "2011.08.06"]
[Round "9"]
[White "Jacobsen, Caroline Beer"]
[Black "Gupta, Sudhir Kumar"]
[Result "1-0"]
[WhiteElo "1586"]
[BlackElo "1791"]
[PlyCount "65"]
[EventDate "2011.07.30"]
[EventType "swiss"]
[EventRounds "10"]
[EventCountry "DEN"]
[Source "ChessBase"]
[SourceDate "2011.08.29"]

1. e4 Nf6 2. e5 Nd5 3. d4 d6 4. Nf3 Bg4 5. Bc4 e6 6. O-O Nb6 7. Bd3 d5 8. Nbd2
c5 9. c3 Nc6 10. dxc5 Bxc5 11. b4 Be7 12. Qb3 Bxf3 13. Nxf3 O-O 14. Bb2 Qc7 15.
Rfe1 Nd7 16. Qc2 h6 17. Qe2 Nb6 18. a3 Rac8 19. Rac1 Qb8 20. Nd2 Bg5 21. Rc2
Rfd8 22. Nf3 Be7 23. Nd4 Nxd4 24. cxd4 Rxc2 25. Bxc2 Nc4 26. Bc1 Bf8 27. Qd3 g6
28. h4 Bg7 29. h5 g5 30. f4 f6 31. fxg5 f5 32. gxh6 Bf8 33. Qg3+ 1-0

[Event "33. Copenhagen Open (Politiken Cup)"]
[Site "Elsinore"]
[Date "2011.08.06"]
[Round "9"]
[White "Jensen, Soren Holm"]
[Black "Willumsen, Henrik"]
[Result "1/2-1/2"]
[WhiteElo "1984"]
[BlackElo "2194"]
[PlyCount "110"]
[EventDate "2011.07.30"]
[EventType "swiss"]
[EventRounds "10"]
[EventCountry "DEN"]
[Source "ChessBase"]
[SourceDate "2011.08.29"]

1. e4 c5 2. Nf3 d6 3. d4 cxd4 4. Qxd4 Nc6 5. Bb5 Bd7 6. Bxc6 Bxc6 7. Nc3 Nf6 8.
Bg5 e5 9. Qd3 Be7 10. O-O Rc8 11. Rad1 Qb6 12. Nd2 O-O 13. Bxf6 Bxf6 14. Nc4
Qc5 15. Ne3 Rfd8 16. Rfe1 b5 17. a3 a5 18. Ncd5 Bg5 19. b4 axb4 20. axb4 Qa7
21. Ra1 Qb7 22. f3 g6 23. g4 Ra8 24. Kf1 Rxa1 25. Rxa1 Ra8 26. Rxa8+ Qxa8 27.
Qc3 Bh4 28. Ke2 Bxd5 29. Nxd5 Qa2 30. Ne3 Qb1 31. Nd1 Kg7 32. Qb2 Qxb2 33. Nxb2
Be7 34. Nd1 d5 35. exd5 Bxb4 36. Kd3 f5 37. gxf5 gxf5 38. Ne3 Kf6 39. c4 bxc4+
40. Nxc4 h5 41. Nb6 Ke7 42. Nc4 Bd6 43. h3 Bc7 44. Ne3 Kf6 45. Nc4 Bd8 46. Nd6
Be7 47. Nc4 Bc5 48. Ke2 e4 49. fxe4 fxe4 50. Kf1 Kf5 51. Kg2 h4 52. Kf1 Kf4 53.
d6 Kg3 54. d7 Be7 55. Nd6 Kxh3 1/2-1/2

[Event "33. Copenhagen Open (Politiken Cup)"]
[Site "Elsinore"]
[Date "2011.08.06"]
[Round "9"]
[White "Jepson, Christian"]
[Black "Guttulsrud, Odd Martin"]
[Result "1/2-1/2"]
[WhiteElo "2405"]
[BlackElo "2177"]
[PlyCount "69"]
[EventDate "2011.07.30"]
[EventType "swiss"]
[EventRounds "10"]
[EventCountry "DEN"]
[Source "ChessBase"]
[SourceDate "2011.08.29"]

1. c4 Nf6 2. Nc3 g6 3. e4 d6 4. d4 Bg7 5. f4 O-O 6. Nf3 c5 7. d5 e6 8. dxe6
fxe6 9. Bd3 Nc6 10. O-O a6 11. Ng5 Nd4 12. e5 dxe5 13. fxe5 Nd7 14. Rxf8+ Nxf8
15. Bf4 Qc7 16. Nce4 Bd7 17. Qg4 Bxe5 18. Nf6+ Kg7 19. Nh5+ Kg8 20. Nxh7 Kxh7
21. Qh4 Bxf4 22. Nxf4+ Kg7 23. Qe7+ Kh6 24. Rf1 Qe5 25. h4 Re8 26. Qf7 Nf5 27.
g4 Nxh4 28. Nh5 Qe3+ 29. Rf2 gxh5 30. Qxh5+ Kg7 31. Qf7+ Kh8 32. Qf6+ Kg8 33.
Qf7+ Kh8 34. Qf6+ Kg8 35. Qf7+ 1/2-1/2

[Event "33. Copenhagen Open (Politiken Cup)"]
[Site "Elsinore"]
[Date "2011.08.06"]
[Round "9"]
[White "Johannessen, Leif Erlend"]
[Black "Bu, Xiangzhi"]
[Result "1-0"]
[WhiteElo "2496"]
[BlackElo "2675"]
[PlyCount "101"]
[EventDate "2011.07.30"]
[EventType "swiss"]
[EventRounds "10"]
[EventCountry "DEN"]
[Source "ChessBase"]
[SourceDate "2011.08.29"]

1. c4 e6 2. Nc3 d5 3. d4 Bb4 4. a3 Bxc3+ 5. bxc3 Ne7 6. e3 O-O 7. Nf3 c5 8. Bd3
Qc7 9. Qc2 h6 10. O-O dxc4 11. Bxc4 b6 12. Qe2 Bb7 13. Bd3 Nd7 14. e4 Rae8 15.
e5 Bd5 16. Nh4 c4 17. Bc2 f5 18. g3 b5 19. Rb1 Rb8 20. Qh5 Rf7 21. f3 a5 22.
Be3 Nf8 23. g4 Qd7 24. h3 Bc6 25. Kh2 b4 26. axb4 axb4 27. gxf5 Nxf5 28. Nxf5
exf5 29. Rxb4 Rxb4 30. cxb4 f4 31. Bf2 Qb7 32. Rg1 Qxb4 33. e6 Re7 34. d5 Qd2
35. dxc6 Qxf2+ 36. Rg2 Qd4 37. Be4 Qf6 38. Bd5 Kh8 39. Bxc4 Nxe6 40. Qd5 Qf8
41. Qd6 Nc7 42. Bd3 Qe8 43. Be4 Qf7 44. Rb2 Ne8 45. Qg6 Qg8 46. Rb8 Re6 47. Qf5
g6 48. Qxf4 g5 49. Qf5 Re7 50. Qg6 Qf8 51. Kg2 1-0

[Event "33. Copenhagen Open (Politiken Cup)"]
[Site "Elsinore"]
[Date "2011.08.06"]
[Round "9"]
[White "Johansen, Johnny Holler"]
[Black "Rydstrom, Tom"]
[Result "0-1"]
[WhiteElo "1998"]
[BlackElo "1905"]
[PlyCount "108"]
[EventDate "2011.07.30"]
[EventType "swiss"]
[EventRounds "10"]
[EventCountry "DEN"]
[Source "ChessBase"]
[SourceDate "2011.08.29"]

1. e4 e5 2. Nf3 Nc6 3. d4 exd4 4. Nxd4 Qf6 5. Be3 Qg6 6. Nc3 Bb4 7. Be2 Nf6 8.
O-O Bxc3 9. bxc3 Nxd4 10. cxd4 Qxe4 11. Rb1 c6 12. Bd3 Qg4 13. Qc1 O-O 14. h3
Qh5 15. Bg5 d5 16. Bxf6 gxf6 17. Re1 b6 18. Re3 Kh8 19. Rg3 Qh4 20. Qe3 Be6 21.
Rf3 Rg8 22. Bf5 Rae8 23. Qd3 Bxf5 24. Qxf5 Re6 25. Rf4 Qg5 26. Qxg5 Rxg5 27.
Rb3 Rg8 28. Ra3 a5 29. Raf3 Kg7 30. Rg4+ Kf8 31. Rh4 Rg7 32. Rhf4 Ke7 33. a4
Rg8 34. Rb3 Rb8 35. Kf1 Re4 36. Rxe4+ dxe4 37. Re3 f5 38. f3 Rd8 39. c3 Kd6 40.
fxe4 Re8 41. e5+ Kd5 42. Ke2 Kc4 43. Rf3 Kb3 44. Kd2 Rg8 45. g3 Kxa4 46. Kc2
Kb5 47. Kb3 a4+ 48. Ka3 Kc4 49. Kb2 b5 50. Rxf5 Rxg3 51. Rxf7 Rxc3 52. Rc7 a3+
53. Kb1 Kb3 54. Ra7 Rxh3 0-1

[Event "33. Copenhagen Open (Politiken Cup)"]
[Site "Elsinore"]
[Date "2011.08.06"]
[Round "9"]
[White "Jorgensen, Orla Eilegaard"]
[Black "Jorgensen, Jens AL"]
[Result "1-0"]
[WhiteElo "1673"]
[BlackElo "1264"]
[PlyCount "69"]
[EventDate "2011.07.30"]
[EventType "swiss"]
[EventRounds "10"]
[EventCountry "DEN"]
[Source "ChessBase"]
[SourceDate "2011.08.29"]

1. e4 e6 2. d4 b6 3. c4 Bb7 4. Nc3 h6 5. Nf3 a6 6. a3 d5 7. cxd5 exd5 8. e5 c5
9. Be3 Nd7 10. Be2 cxd4 11. Bxd4 Nc5 12. b4 Ne6 13. O-O Ne7 14. Na4 Nxd4 15.
Nxd4 g6 16. f4 Bg7 17. Bg4 Bc8 18. e6 Bxd4+ 19. Qxd4 O-O 20. Nxb6 Rb8 21. exf7+
Rxf7 22. Nxc8 Nxc8 23. Be6 Ne7 24. Rac1 Nf5 25. Bxf7+ Kxf7 26. Qa7+ Kf8 27.
Qxa6 Nd6 28. Rc6 Nf5 29. Rf6+ Kg8 30. Rxg6+ Kf8 31. Rf6+ Kg7 32. Rg6+ Kh7 33.
Rf6 Qd7 34. Rxf5 Qxf5 35. Qa7+ 1-0